Príspevok k problematike optických meraní veličín povrchových elastických vĺn : Kand.diz.práca : V.odb. 26-06-9 : Obh. 16.09.1981 /

Salvato in:
Dettagli Bibliografici
Autore principale: Čápová, Klára (Autore)
Altri autori: Székely, Juraj (Relatore della tesi)
Natura: Manoscritto Libro
Pubblicazione: Žilina : Vysoká škola dopravy a spojov, 1980
Soggetti:
Tags: Aggiungi Tag
Nessun Tag, puoi essere il primo ad aggiungerne!!

MARC

LEADER 00000ntm a22000003a 4500
001 stu5372
005 20150617225811.5
008 ------s1980----------------------------d
040 |a STU  |b slo 
041 0
100 1 |a Čápová, Klára  |4 aut 
245 1 |a Príspevok k problematike optických meraní veličín povrchových elastických vĺn :  |b Kand.diz.práca : V.odb. 26-06-9 : Obh. 16.09.1981 /  |c [aut.] Čápová,Klára, Ing.; Škol. Székely,Juraj 
260 |a Žilina :  |b Vysoká škola dopravy a spojov,  |c 1980 
300 |a 101 s  |c Autoref.1980,20 s 
650 7 |a Teoretická elektrotechnika  |2 stusub 
700 1 |a Székely, Juraj  |4 ths 
996 |b 284ED00231  |c E*KDIZ-308  |l EE01  |s A  |a 24  |w stu5372_0001